000 00375nam a2200145Ia 4500
005 20250729165737.0
008 250729s2014 xx 000 0 und d
041 _aeng
082 _a420.25 SATM
100 _aR K Satya
_9231935
245 _aModern methods of Teaching English
260 _aNew Delhi
_bA P H PUBLISHING
_c2014
300 _a262p
650 _aEnglish
_9231936
999 _c239531
_d239531